LEADER 01098naa a2200229 u 4500 001 000000095579 003 CaOOAMICUS 005 20070226130143.0 008 040705s1986 it u000 u ita u 020 $a8806593412 035 $a11003004 040 $aIAR$bita 100 1 $aFerrari, Liliana.$0(OLS)http://pul/name/28040 245 13$aIl laicato cattolici fra Otto e Novecento :$bdalle associazioni devozionali alle prganizzazioni militanti di massa /$cLiliana Ferrari. 260 $aTorino :$bGiulio Einaudi,$c1986. 300 $aS. 931-975, ;$c22 cm 650 4$aLaici$zItalia$ySec. XIX-XX.$0(OLS)http://pul/subject/30411 773 0 $aStoria d'Italia (Giulio Einaudi ed.)$gAnnali 9. 773 0 $tStoria d'Italia. Annali. 9, La Chiesa e il potere politico dal Medioevo all'etā contemporanea$w()28851 996 $6020$a8806593412$9(OLS)http://pul/number/35870 996 $6245$aIl laicato cattolici fra Otto e Novecento :$bdalle associazioni devozionali alle prganizzazioni militanti di massa$9(OLS)http://pul/title/122456 996 $6260$aTorino :$bGiulio Einaudi$9(OLS)http://pul/publisher/54573 LEADER 01148nam a2200253 i 4500 001 000000112109 003 CaOOAMICUS 005 20080625144008.0 008 080625s2007 gw 000 b ger c 020 $z978-3-506-76333-4* 040 $aPUL$bita$dLDB 245 00$aSelbsterkenntnis und Gottsuche :$bAugustinus: Confessiones 10 /$cNorbert Fischer, Dieter Hattrup (hrsg.) 260 $aPaderborn :$bSchöningh,$c2007. 300 $a180 p. ;$c24 cm. 504 $aBibliografia : p. [165]-180. 600 04$aAugustinus,$cs., vesc. d'Ippona,$d354-430$tConfessiones.$0(OLS)http://pul/subject/8508 700 1 $aFischer, Norbert,$d1957-$0(OLS)http://pul/name/41507 700 1 $aHattrup, Dieter.$0(OLS)http://pul/name/53512 850 $aPUL 852 $aPUL$W1$xSL Religione 3$y85$m270. 092 FISNO 1$j128361$qDDC 21$B127199$CPULBib$Z2$F127199 $H107378 $82 941 1 $a9 996 $6020$z978-3-506-76333-4*$9(OLS)http://pul/number/138212 996 $6245$aSelbsterkenntnis und Gottsuche :$bAugustinus: Confessiones 10$9(OLS)http://pul/title/140937 996 $6260$aPaderborn :$bSchöningh$9(OLS)http://pul/publisher/52607